Viisi katsotuinta televisio-ohjelmaa Suomessa vuosittain - Statistics

Yleistilastot
  • Tätä visaa on pelattu 70 kertaa
  • Keskiarvotulos 48 / 95
Vastaustilastot
Televisio-ohjelma % Oikein
Linnan juhlat
84%
Linnan juhlat
84%
Linnan juhlat
84%
Linnan juhlat
84%
Linnan juhlat
84%
Linnan juhlat
84%
Linnan juhlat
84%
Linnan juhlat
84%
Linnan juhlat
84%
Linnan juhlat
84%
Linnan juhlat
84%
Linnan juhlat
84%
Linnan juhlat
84%
Linnan juhlat
84%
Linnan juhlat
84%
Linnan juhlat
84%
Linnan juhlat
84%
Linnan juhlat
84%
Linnan juhlat
84%
Lontoon kesäolympialaiset
73%
Pariisin kesäolympialaiset
73%
Pekingin talviolympialaiset
73%
Sotshin talviolympialaiset
73%
Jääkiekon MM
63%
Jääkiekon MM
63%
Jääkiekon MM
63%
Jääkiekon MM
63%
Jääkiekon MM
63%
Jääkiekon MM
63%
Jääkiekon MM
63%
Jääkiekon MM
63%
Jääkiekon MM
63%
Jääkiekon MM
63%
Jääkiekon MM
63%
Jääkiekon MM
63%
Jääkiekon MM
63%
Jääkiekon MM
63%
Jääkiekon MM
63%
Jääkiekon MM
63%
Joulurauhan julistus
53%
Joulurauhan julistus
53%
Joulurauhan julistus
53%
Joulurauhan julistus
53%
Joulurauhan julistus
53%
Joulurauhan julistus
53%
Putous
51%
Putous
51%
Putous
51%
Putous
51%
Eurovision laulukilpailu
49%
Eurovision laulukilpailu
49%
Eurovision laulukilpailu
49%
Eurovision laulukilpailu
49%
Eurovision laulukilpailu
49%
Eurovision laulukilpailu
49%
Tanssii tähtien kanssa
45%
Tanssii tähtien kanssa
45%
Tanssii tähtien kanssa
45%
Tanssii tähtien kanssa
45%
Tanssii tähtien kanssa
45%
Tanssii tähtien kanssa
45%
Tanssii tähtien kanssa
45%
Tanssii tähtien kanssa
45%
Tanssii tähtien kanssa
45%
Jalkapallon MM
41%
Presidentinvaalit 2012
35%
Presidentinvaalit 2018
35%
Presidentinvaalit 2024
35%
Eduskuntavaalit 2007
33%
Eduskuntavaalit 2011
33%
UMK23
33%
UMK24
33%
UMK25
33%
Yleisurheilun MM
29%
Yleisurheilun MM
29%
Yleisurheilun MM
29%
Jalkapallon EM
24%
Eduskuntavaalit 2015
20%
Idols
20%
Elämäni biisi
18%
Haluatko miljonääriksi?
18%
Hiihdon MM
18%
Hiihdon MM
18%
Hiihdon MM
18%
Amazing Race
16%
A-studio: Hallituksen tiedotustilaisuus
16%
Masked Singer Suomi
12%
Miss Suomi 2010
12%
Mäkihypyn MM
8%
Mäkihypyn MM
8%
Jääkiekon nuorten MM
6%
Kingi
6%
X Factor UK
6%
MM-kultajuhlat
4%
Pääministerin puhe
2%
Ehtoja vastaavia visoja ei löytynyt
Tulosjakauma
Jokaisen tuloksen saaneiden osuus
Persentiili vastausten määrän mukaan
Tuloshistoriasi
Et ole pelannut tätä visaa